书目信息 |
| 题名: |
财经英语趣文阅读, 中级
|
|
| 作者: | 夏政 主编 | |
| 分册: | ||
| 出版信息: | 上海 上海外语教育出版社 2004 |
|
| 页数: | 122页 | |
| 开本: | 23cm | |
| 丛书名: | 大学生英语活页文选 | |
| 单 册: | ||
| 中图分类: | H319.4:F , H319.4 | |
| 科图分类: | ||
| 主题词: | 经济--英语--阅读教学--高等学校--教学参考资料 , 阅读教学 , 经济 , 英语 | |
| 电子资源: | ||
| ISBN: | 7-81080-982-2 | |
| 000 | 01107nam0 2200325 450 | |
| 000 | 01130nam0 2200325 450 | |
| 000 | 01059nam0 2200301 450 | |
| 000 | 01023nam0 2200289 45 | |
| 005 | 20070803083615.05 | |
| 010 | @a7-81080-982-2@dCNY10.00 | |
| 100 | @a20070728d2006 em y0chiy0120 ea | |
| 101 | 0 | @achi@ceng |
| 102 | @aCN@b310000 | |
| 105 | @ay z 000yy | |
| 200 | 1 | @a财经英语趣文阅读, 中级@ACai Jing Ying Yu Qu Wen Yue Dou , Zhong Ji@f夏政主编@FXia Zheng Zhu Bian |
| 210 | @a上海@c上海外语教育出版社@d2004 | |
| 215 | @a122页@d23cm | |
| 225 | 2 | @a大学生英语活页文选 |
| 330 | @a本书的选材注重语言的时代性、生动风趣的特点,针对宏观与微观经济学、保险学、证券学、国际贸易等方面介绍了各个领域基本情况、背景知识、相关关键词汇等。 | |
| 410 | 0 | @12001 @a大学生英语活页文选 |
| 510 | 1 | @aFinance English Readings@zeng |
| 606 | 0 | @a经济@x英语@x阅读教学@x高等学校@j教学参考资料 |
| 606 | 0 | @a阅读教学 |
| 606 | 0 | @a经济 |
| 606 | 0 | @a英语 |
| 690 | @aH319.4:F@v4 | |
| 690 | @aH319.4@v3 | |
| 701 | 0 | @a夏政@AXia Zheng@4主编 |
| 801 | 0 | @aCN@bTAOJIN@c20070803 |
| 905 | @a10447@dH319.4@e1427 | |
| 财经英语趣文阅读, 中级/夏政主编.-上海:上海外语教育出版社,2004 |
| 122页;23cm.-(大学生英语活页文选) |
| ISBN 7-81080-982-2:CNY10.00 |
| 本书的选材注重语言的时代性、生动风趣的特点,针对宏观与微观经济学、保险学、证券学、国际贸易等方面介绍了各个领域基本情况、背景知识、相关关键词汇等。 |
| ● |
| 相关链接 |
|
|
|
|
正题名:财经英语趣文阅读, 中级
索取号:H319.4/1427
 
预约/预借
| 序号 | 登录号 | 条形码 | 馆藏地/架位号 | 状态 | 备注 |
| 1 | 0827222 | 208272224 | 第二样本阅览室/ [索取号:H319.4/1427] | 在馆 | |
| 2 | 0827223 | 208272233 | 第四借阅区/ [索取号:H319.4/1427] | 在馆 | |
| 3 | 0827224 | 208272242 | 第四借阅区/ [索取号:H319.4/1427] | 在馆 | |
| 4 | 0827225 | 208272251 | 第四借阅区/ [索取号:H319.4/1427] | 在馆 | |
| 5 | 0827226 | 208272260 | 第四借阅区/ [索取号:H319.4/1427] | 在馆 |